Le seul département commençant par... - Statistiques

Statistiques générales
  • Ce quiz a été pris 185 fois
  • Le résultat moyen est 19 sur 28
Statistiques - réponses
Début Département % Correct
Oi... Oise
85%
Dr... Drome
84%
Yv... Yvelines
84%
F... Finistère
80%
Hé... Hérault
80%
Is... Isère
79%
J... Jura
77%
Av... Aveyron
76%
Yo... Yonne
76%
Gi... Gironde
74%
Il... Ille-et-Vilaine
72%
Ge... Gers
70%
Ni... Nièvre
70%
Or... Orne
70%
Vi... Vienne
70%
Es... Essonne
68%
R... Rhône
67%
Cr... Creuse
63%
Ga... Gard
63%
Vo... Vosges
63%
No... Nord
59%
So... Somme
57%
Pu... Puy-de-Dôme
54%
Bo... Bouches-du-Rhône
51%
Ve... Vendée
51%
Ba... Bas-Rhin
45%
De... Deux-Sèvres
45%
Te... Territoire de Belfort
38%
Aucun quiz correspondant
Distribution des résultats
% des personnes avec chaque résultat
Percentile par nombre de réponses
Votre historique - résultats
Vous n’avez pas pris ce quiz